00499 2200181 4500001002100000005001500021035002000036245006300056100001200119300004100131260002900172082000800201084001400209020002200223650001500245008004100260990001600301INLIS00000000000191620240709074556 a0010-02240002061 aManajemen Sumber Daya Manusia (MSDM) /cMulyadi, S.E., M.M0 aMulyadi aviii + 186 hlm :bilus ;c24 x 17 cm aBogor :bIn Media,c2015 a658 a658 MUL m a978-602-0946-49-8 4aManagement240709 0  a00000003056